[Event "C.to Regionale Umbria"]
[Site "Foligno ITA"]
[Date "2008.06.06"]
[Round "2"]
[White "Cardinali, Egidio"]
[Black "Militello, Michele"]
[Result "1-0"]
[WhiteElo "1892"]
[BlackElo "1893"]
[PlyCount "75"]
[EventDate "2008.06.06"]

1. e4 e5 2. Nf3 d6 3. Nc3 Nf6 4. d4 Nbd7 5. Bg5 Be7 6. Qd2 c6 7. Bc4 b5 8. Bd3
a6 9. O-O h6 10. Be3 Qc7 11. a4 b4 12. Ne2 Nf8 13. Ng3 c5 14. dxc5 dxc5 15. b3
g5 16. Qe2 Ng6 17. Nf5 Bxf5 18. exf5 Nf4 19. Bxf4 exf4 20. Rfe1 O-O 21. Qxe7
Qxe7 22. Rxe7 Nd5 23. Re5 Rfd8 24. Be4 f6 25. Bxd5+ Kf8 26. Bxa8 fxe5 27. Bb7
a5 28. Kf1 Rd7 29. Bc6 Rd6 30. Nxe5 Kg7 31. Be4 h5 32. Ke2 Kf6 33. Nc4 Rd4 34.
f3 g4 35. Rd1 gxf3+ 36. gxf3 Rxd1 37. Kxd1 Kg5 38. Ke2 1-0

[Event "C.to Regionale Umbria"]
[Site "Foligno ITA"]
[Date "2008.06.06"]
[Round "2"]
[White "Caruso, Augusto"]
[Black "Gasperoni, Claudio"]
[Result "1-0"]
[WhiteElo "2229"]
[BlackElo "1845"]
[PlyCount "59"]
[EventDate "2008.06.06"]

1. d4 d5 2. Nc3 Nf6 3. Bg5 e6 4. e4 dxe4 5. Nxe4 Be7 6. Bxf6 Bxf6 7. c3 O-O 8.
Bd3 Nd7 9. f4 b6 10. Nf3 Bb7 11. Ne5 Bh4+ 12. Kf1 Nxe5 13. dxe5 Bxe4 14. Bxe4
Qxd1+ 15. Rxd1 Rad8 16. Ke2 Rxd1 17. Rxd1 Rd8 18. Rxd8+ Bxd8 19. Kd3 f5 20.
exf6 gxf6 21. Kc4 Be7 22. Kb5 Bd6 23. g3 e5 24. f5 Kf8 25. Ka6 Ke7 26. Kxa7 Kd7
27. Kb7 Bc5 28. b4 Bg1 29. a4 Bxh2 30. g4 1-0

[Event "C.to Regionale Umbria"]
[Site "Foligno ITA"]
[Date "2008.06.06"]
[Round "2"]
[White "Castellano, Alfonso"]
[Black "Buoncristiani, Luca"]
[Result "1-0"]
[WhiteElo "1899"]
[BlackElo "1464"]
[PlyCount "39"]
[EventDate "2008.06.06"]

1. c4 e5 2. Nc3 Nf6 3. g3 d5 4. cxd5 Nxd5 5. Bg2 Be6 6. Nf3 Bd6 7. d3 f6 8. O-O
O-O 9. Qb3 Nf4 10. Qxb7 Nxg2 11. Qxa8 Bh3 12. Ne4 Qd7 13. Qd5+ Kh8 14. Rd1 Nc6
15. d4 Nb4 16. Qb3 Qg4 17. Nxd6 cxd6 18. Qxb4 Nf4 19. Bxf4 exf4 20. Qxd6 1-0

[Event "C.to Regionale Umbria"]
[Site "Foligno ITA"]
[Date "2008.06.06"]
[Round "2"]
[White "Colabrese, Cary"]
[Black "Bassini, Massimo"]
[Result "1-0"]
[WhiteElo "1586"]
[BlackElo "1503"]
[PlyCount "61"]
[EventDate "2008.06.06"]

1. d4 Nf6 2. c4 e6 3. Nc3 d5 4. e3 Be7 5. Bd3 O-O 6. Nge2 b6 7. O-O Bb7 8. f4
Nbd7 9. Ng3 Re8 10. cxd5 exd5 11. Nf5 Bf8 12. a3 g6 13. Ng3 Bg7 14. b4 Ne4 15.
Ncxe4 dxe4 16. Bc4 Nf6 17. f5 Bd5 18. Be2 Qd6 19. Bd2 Qc6 20. b5 Qb7 21. Rc1
Bh6 22. fxg6 Re6 23. gxf7+ Kxf7 24. Bg4 Bg5 25. Bxe6+ Kxe6 26. Rxf6+ Kxf6 27.
Qf1+ Kg7 28. Qf5 Kh6 29. h4 Be7 30. Qe5 Bd6 31. Qf6# 1-0

[Event "C.to Regionale Umbria"]
[Site "Foligno ITA"]
[Date "2008.06.06"]
[Round "2"]
[White "Coqueraut, Jean Dominique"]
[Black "Cuppone, Damiano"]
[Result "0-1"]
[WhiteElo "1975"]
[BlackElo "1776"]
[PlyCount "104"]
[EventDate "2008.06.06"]

1. d4 Nf6 2. c4 g6 3. Nc3 Bg7 4. e4 d6 5. Nf3 O-O 6. Be2 e5 7. dxe5 dxe5 8.
Qxd8 Rxd8 9. O-O Bg4 10. Be3 Nc6 11. Rfd1 Bxf3 12. Bxf3 Nd4 13. Bxd4 exd4 14.
Nd5 c6 15. Nxf6+ Bxf6 16. Rd3 c5 17. g3 Rab8 18. a4 a6 19. a5 b5 20. axb6 Rxb6
21. b3 Rdb8 22. Bd1 Re6 23. f3 Be7 24. Kf2 Kg7 25. Bc2 h5 26. e5 Rxe5 27. Rxa6
Re6 28. Ra5 h4 29. f4 hxg3+ 30. hxg3 Rh8 31. Bd1 Rh2+ 32. Kg1 Rb2 33. Kf1 Rh2
34. Kg1 Rb2 35. Kf1 Rh2 36. Bf3 Rb2 37. Ra1 g5 38. f5 Re5 39. g4 Bf6 40. Re1
Rxe1+ 41. Kxe1 Be5 42. Bd1 Rh2 43. Be2 Bf4 44. Bf3 Be3 45. Bd1 Kf6 46. Be2 Ke5
47. b4 cxb4 48. Rb3 Ke4 49. Rxb4 Rh1+ 50. Bf1 d3 51. c5+ Kf3 52. c6 d2+ 0-1

[Event "C.to Regionale Umbria"]
[Site "Foligno ITA"]
[Date "2008.06.06"]
[Round "2"]
[White "Gambacorta, Claudio"]
[Black "Girgenti, Giuseppe"]
[Result "1-0"]
[WhiteElo "1497"]
[BlackElo "1763"]
[PlyCount "135"]
[EventDate "2008.06.06"]

1. e4 e5 2. Nf3 Nc6 3. Bc4 Bc5 4. c3 Nf6 5. d4 exd4 6. cxd4 Bb4+ 7. Nc3 d6 8.
Bg5 h6 9. Bxf6 Qxf6 10. O-O Bxc3 11. bxc3 O-O 12. h3 Qg6 13. Nh4 Qg5 14. Nf5
Bxf5 15. exf5 Qxf5 16. Bd3 Qf6 17. Rb1 Rab8 18. Re1 Ne7 19. Qa4 a6 20. Qd7 Nd5
21. Rb3 Rfd8 22. Qg4 Qf4 23. Qe2 Qg5 24. Rxb7 Nxc3 25. Qb2 Rxb7 26. Qxb7 Qd2
27. Re3 Qc1+ 28. Kh2 Nd1 29. Rf3 Rf8 30. Qe4 g6 31. Qe7 Qg5 32. Qxc7 Nb2 33.
Bc2 Qd8 34. Qc3 Qb8 35. Bb3 d5+ 36. g3 Nc4 37. Bxc4 dxc4 38. Qxc4 Qb7 39. Qd3
Rd8 40. Qd1 Rxd4 41. Qxd4 Qxf3 42. Kg1 Qa3 43. Qc4 a5 44. Kg2 a4 45. h4 h5 46.
Qd5 Kg7 47. f3 Qb2+ 48. Kh3 a3 49. f4 Qb1 50. Qg2 Qf5+ 51. Kh2 Qb1 52. Qd5 Qb2+
53. Kh3 Qb1 54. Qe5+ Kh7 55. Qd5 Qf5+ 56. Qxf5 gxf5 57. Kg2 Kg7 58. Kf2 Kf6 59.
Ke3 Ke6 60. Kd4 Kd6 61. Kc4 Kc6 62. Kb4 Kd5 63. Kxa3 Kd4 64. Kb2 Kc4 65. a3 Kb5
66. Kb3 Kc5 67. a4 Kc6 68. Kb4 1-0

[Event "C.to Regionale Umbria"]
[Site "Foligno ITA"]
[Date "2008.06.06"]
[Round "2"]
[White "Liberi, Michele"]
[Black "Migliozzi, Giuseppe"]
[Result "1-0"]
[WhiteElo "1626"]
[BlackElo "1407"]
[PlyCount "94"]
[EventDate "2008.06.06"]

1. d4 d5 2. c4 c6 3. e3 Nf6 4. Nc3 Bg4 5. Qb3 Qb6 6. Qxb6 axb6 7. cxd5 cxd5 8.
Nb5 Kd7 9. Bd3 e6 10. Bd2 Nc6 11. a3 Ne4 12. Bc1 Bf5 13. f3 Nf2 14. Bxf5 Nxh1
15. Bd3 h5 16. Bd2 f5 17. Ne2 g5 18. Kf1 g4 19. Kg1 gxf3 20. gxf3 h4 21. Kxh1
Nb4 22. Bxb4 Bxb4 23. Rc1 Bd6 24. Nxd6 Kxd6 25. Nf4 Rac8 26. Rg1 Rcg8 27. e4
Rxg1+ 28. Kxg1 Rg8+ 29. Kf2 fxe4 30. fxe4 dxe4 31. Bxe4 e5 32. dxe5+ Kxe5 33.
Ke3 Kf6 34. Bxb7 Rg1 35. Nd5+ Ke5 36. Nxb6 h3 37. a4 Kd6 38. a5 Kc5 39. Na4+
Kb5 40. a6 Re1+ 41. Kf2 Re7 42. a7 Rf7+ 43. Kg3 Rg7+ 44. Kxh3 Rh7+ 45. Kg3 Rh8
46. Nc3+ Kb6 47. a8=Q Kc5 1-0

[Event "C.to Regionale Umbria"]
[Site "Foligno ITA"]
[Date "2008.06.06"]
[Round "2"]
[White "Maddaloni, Giovanni"]
[Black "Salami, Marco"]
[Result "1/2-1/2"]
[WhiteElo "1809"]
[BlackElo "2215"]
[PlyCount "103"]
[EventDate "2008.06.06"]

1. e4 e6 2. d4 d5 3. e5 c5 4. c3 Nc6 5. Be3 Nge7 6. Nf3 Ng6 7. Bd3 Be7 8. O-O
O-O 9. a3 c4 10. Bc2 f6 11. Bxg6 hxg6 12. b3 cxb3 13. Qxb3 f5 14. a4 g5 15. Bc1
Na5 16. Qc2 Nc4 17. Nfd2 b6 18. Nxc4 dxc4 19. Ba3 Bb7 20. f3 Bd5 21. Bxe7 Qxe7
22. Na3 a6 23. Qe2 Rab8 24. Nxc4 Qc7 25. Nd6 Qxc3 26. Rfd1 g4 27. Qd3 Qxd3 28.
Rxd3 gxf3 29. gxf3 b5 30. axb5 axb5 31. Ra7 Ra8 32. Nxb5 Rxa7 33. Nxa7 Ra8 34.
Ra3 Bxf3 35. Rxf3 Rxa7 36. Rd3 Kf7 37. h4 Ra2 38. h5 Re2 39. Rc3 Rd2 40. Rc7+
Kg8 41. Rc8+ Kh7 42. Rd8 Kh6 43. Rd7 Kxh5 44. Rxg7 Rxd4 45. Re7 Rg4+ 46. Kf2
Rg6 47. Kf3 Kg5 48. Re8 Kh6 49. Re7 Kg5 50. Re8 Kh5 51. Rh8+ Kg5 52. Re8
1/2-1/2

[Event "C.to Regionale Umbria"]
[Site "Foligno ITA"]
[Date "2008.06.06"]
[Round "2"]
[White "Malfagia, Andrea"]
[Black "Tortolini, Francesco"]
[Result "1-0"]
[WhiteElo "2288"]
[BlackElo "1890"]
[PlyCount "67"]
[EventDate "2008.06.06"]

1. d4 e6 2. c4 Nf6 3. Nc3 Bb4 4. Qc2 b6 5. a3 Bxc3+ 6. Qxc3 Bb7 7. Nf3 d6 8. e3
Nbd7 9. Be2 O-O 10. b4 Ne4 11. Qc2 f5 12. Bb2 c5 13. dxc5 bxc5 14. O-O Qb6 15.
Rfd1 Rad8 16. Ne1 e5 17. b5 f4 18. exf4 Rxf4 19. Nd3 Rf6 20. f4 Rdf8 21. Rf1
Qc7 22. a4 Rg6 23. Bh5 Rh6 24. Bg4 Rg6 25. Bh3 Ba8 26. Rae1 exf4 27. Nxf4 Ng5
28. Nxg6 Nxh3+ 29. gxh3 Rxf1+ 30. Kxf1 hxg6 31. Qxg6 Nf8 32. Re8 Qb7 33. Qxg7+
Qxg7 34. Bxg7 1-0

[Event "C.to Regionale Umbria"]
[Site "Foligno ITA"]
[Date "2008.06.06"]
[Round "2"]
[White "Mancin, Michele"]
[Black "Parrini, Daniele"]
[Result "1/2-1/2"]
[WhiteElo "1778"]
[BlackElo "2054"]
[PlyCount "68"]
[EventDate "2008.06.06"]

1. e4 c5 2. Nf3 g6 3. d4 cxd4 4. Nxd4 Nc6 5. Nc3 Bg7 6. Be3 Nf6 7. Be2 O-O 8.
Qd2 Qa5 9. Nb3 Qd8 10. O-O-O Re8 11. h3 d6 12. g4 a5 13. Bb5 a4 14. Nd4 Bd7 15.
g5 Nxd4 16. gxf6 Nxb5 17. fxg7 Nxc3 18. Qxc3 Qa5 19. Qd4 Qh5 20. h4 Bc6 21. f4
f6 22. f5 Kxg7 23. fxg6 hxg6 24. Rdg1 Ra5 25. Bd2 Re5 26. Re1 d5 27. exd5 Rxd5
28. Qc3 Rc5 29. Qd3 Bxh1 30. Qd7 Bc6 31. Rxe7+ Rxe7 32. Qxe7+ Kg8 33. Qe6+ Kg7
34. Qe7+ Kg8 1/2-1/2

[Event "C.to Regionale Umbria"]
[Site "Foligno ITA"]
[Date "2008.06.06"]
[Round "2"]
[White "Mariani, Francesca"]
[Black "Vitali, Roberto"]
[Result "1-0"]
[WhiteElo "1266"]
[BlackElo "1574"]
[PlyCount "68"]
[EventDate "2008.06.06"]

1. e4 d5 2. exd5 Nf6 3. Bc4 Nxd5 4. Nf3 Bg4 5. d3 e6 6. O-O Nc6 7. Re1 Be7 8.
Nbd2 O-O 9. h3 Bh5 10. Nf1 Nd4 11. N1h2 Re8 12. c3 Nxf3+ 13. Nxf3 c5 14. d4 a6
15. Re5 Nf6 16. Bg5 b5 17. Bxf6 Bxf3 18. Bxe7 Qxe7 19. Qxf3 bxc4 20. Rxc5 Rab8
21. Qe2 Qb7 22. Rxc4 Qd5 23. Rc5 Qb7 24. b4 g6 25. Rb1 Ra8 26. b5 Red8 27. Qe5
axb5 28. Rbxb5 Qe7 29. Rc7 Qa3 30. Rbb7 Qc1+ 31. Kh2 Rf8 32. Qf6 Qh6 33. Rxf7
Ra5 34. Rg7+ Qxg7 1-0

[Event "C.to Regionale Umbria"]
[Site "Foligno ITA"]
[Date "2008.06.06"]
[Round "2"]
[White "Miconi, Francesco"]
[Black "Almadori, Giovanni"]
[Result "1-0"]
[WhiteElo "1608"]
[BlackElo "1341"]
[PlyCount "55"]
[EventDate "2008.06.06"]

1. e4 e6 2. d3 d5 3. Nd2 Nf6 4. Ngf3 b6 5. g3 Bb7 6. e5 Nfd7 7. d4 c5 8. c3 Qc7
9. Bg2 Nc6 10. O-O O-O-O 11. Ng5 Ndxe5 12. dxe5 Nxe5 13. Ndf3 Nxf3+ 14. Qxf3
Rd7 15. Qe2 h6 16. Nf3 g5 17. Bd2 Bg7 18. Rab1 Rhd8 19. b4 d4 20. cxd4 cxd4 21.
Rfc1 Bc6 22. Rxc6 d3 23. Rxc7+ Rxc7 24. Qd1 Kb8 25. Rc1 Rdc8 26. Ne1 e5 27. Qf3
Re7 28. Qa8# 1-0

[Event "C.to Regionale Umbria"]
[Site "Foligno ITA"]
[Date "2008.06.06"]
[Round "2"]
[White "Minelli, Francesco"]
[Black "Ottaviani, Gianluca"]
[Result "1/2-1/2"]
[WhiteElo "1563"]
[BlackElo "1923"]
[PlyCount "46"]
[EventDate "2008.06.06"]

1. e4 c5 2. Nc3 Nc6 3. Bb5 Nd4 4. Bc4 e6 5. Nge2 a6 6. a4 Qh4 7. Nxd4 cxd4 8.
Ne2 Qxe4 9. O-O Bc5 10. d3 Qh4 11. Bf4 Ne7 12. Bg3 Qf6 13. h3 Ng6 14. Bh2 b6
15. Ng3 Bb7 16. Ne4 Qe7 17. Nxc5 Qxc5 18. Qd2 O-O 19. b4 Qh5 20. f3 d5 21. Bb3
Rac8 22. Qf2 e5 23. Rae1 f6 1/2-1/2

[Event "C.to Regionale Umbria"]
[Site "Foligno ITA"]
[Date "2008.06.06"]
[Round "2"]
[White "Minni, Stefano"]
[Black "Capossela, Fabio"]
[Result "1/2-1/2"]
[WhiteElo "1434"]
[BlackElo "1620"]
[PlyCount "83"]
[EventDate "2008.06.06"]

1. d4 d5 2. Nf3 Nc6 3. e3 Nf6 4. c4 e6 5. Nc3 Be7 6. Bd3 O-O 7. a3 Re8 8. O-O
b6 9. Qc2 Bd6 10. cxd5 exd5 11. Re1 Bg4 12. Be2 Bxf3 13. Bxf3 Nxd4 14. Qd1
Nxf3+ 15. Qxf3 Be5 16. Rd1 c6 17. Rd3 Qd6 18. g3 Qe6 19. b4 d4 20. exd4 Bxd4
21. Rxd4 Qh3 22. Bf4 Re6 23. Rdd1 Ng4 24. Qg2 Qh5 25. h3 Nf6 26. Re1 Ree8 27.
Rxe8+ Rxe8 28. Qf1 Qf3 29. Be3 h5 30. Qg2 Rxe3 31. fxe3 Qxe3+ 32. Kh2 Qxc3 33.
Ra2 Nd5 34. Qc2 Qe1 35. Qxc6 Ne3 36. Qe8+ Kh7 37. Qe4+ g6 38. Qf3 Nf1+ 39. Kg2
Ne3+ 40. Kh2 Nf1+ 41. Kg2 Ne3+ 42. Kh2 1/2-1/2

[Event "C.to Regionale Umbria"]
[Site "Foligno ITA"]
[Date "2008.06.06"]
[Round "2"]
[White "Ognibene, Piero"]
[Black "Lantini, Marco"]
[Result "0-1"]
[WhiteElo "1820"]
[BlackElo "2244"]
[PlyCount "58"]
[EventDate "2008.06.06"]

1. d4 Nf6 2. c4 e6 3. Nc3 Bb4 4. Qc2 O-O 5. Nf3 c5 6. e3 cxd4 7. Nxd4 b6 8. Be2
Bb7 9. Bf3 Qc8 10. Bxb7 Qxb7 11. O-O Rc8 12. Qd3 Nc6 13. Bd2 Ne5 14. Qe2 Nxc4
15. a3 Nxd2 16. Qxd2 Ne4 17. Qe2 Nxc3 18. bxc3 Bxc3 19. Rad1 Bxd4 20. Rxd4 d5
21. Qh5 Rc4 22. Rfd1 Rxd4 23. Rxd4 Rc8 24. g3 Qe7 25. Rh4 h6 26. Rf4 Rc1+ 27.
Kg2 Rc4 28. Rxc4 dxc4 29. Qb5 Qc7 0-1

[Event "C.to Regionale Umbria"]
[Site "Foligno ITA"]
[Date "2008.06.06"]
[Round "2"]
[White "Piscitelli, Vito"]
[Black "Bartolini, Ivan"]
[Result "1-0"]
[WhiteElo "1967"]
[BlackElo "1473"]
[PlyCount "43"]
[EventDate "2008.06.06"]

1. e4 e5 2. Nf3 f5 3. Nxe5 Qf6 4. d4 d6 5. Nc4 fxe4 6. Nc3 Bf5 7. Ne3 Bg6 8.
Ncd5 Qf7 9. Bc4 c6 10. Nb6 d5 11. Nxa8 dxc4 12. Qg4 Bd6 13. Qc8+ Ke7 14. Nc7
Nd7 15. Qxb7 Ngf6 16. Qxc6 Nb6 17. Nb5 Ne8 18. Qb7+ Nd7 19. Nxd6 Nxd6 20. Qd5
Qf6 21. Nxc4 Nxc4 22. Bg5 1-0

[Event "C.to Regionale Umbria"]
[Site "Foligno ITA"]
[Date "2008.06.06"]
[Round "2"]
[White "Ragnini, Damiano"]
[Black "Bagnoli, Luca"]
[Result "1/2-1/2"]
[WhiteElo "1847"]
[BlackElo "1506"]
[PlyCount "133"]
[EventDate "2008.06.06"]

1. d4 Nf6 2. c4 c5 3. Nc3 cxd4 4. Qxd4 Nc6 5. Qd1 d6 6. Nf3 g6 7. g3 Bg7 8. Bg2
O-O 9. O-O a6 10. Re1 Qc7 11. b3 b6 12. Bb2 e6 13. Rc1 Bb7 14. Rc2 Rfd8 15. e3
d5 16. cxd5 Nxd5 17. Nxd5 Rxd5 18. Nd4 Rc5 19. Ba3 Rxc2 20. Qxc2 Bxd4 21. exd4
Qd7 22. Bb2 Rc8 23. Qd2 Ne7 24. Bxb7 Qxb7 25. Qe3 Nd5 26. Qe5 Rc2 27. Bc1 Qc7
28. Bh6 Qxe5 29. dxe5 Rc6 30. Rd1 Rc8 31. a3 b5 32. Kg2 Rc3 33. Rb1 f5 34. exf6
Nxf6 35. h3 Kf7 36. a4 Ne4 37. axb5 axb5 38. Rb2 g5 39. Re2 Nc5 40. b4 Nd3 41.
Bxg5 Nxb4 42. Re4 Nd5 43. Bd8 Rc8 44. Ba5 Ra8 45. Bd2 Ra4 46. Re5 Kf6 47. Rh5
Kg6 48. Rh6+ Kf5 49. Rxh7 Ra2 50. Bc1 Rc2 51. Bf4 Nxf4+ 52. gxf4 Kxf4 53. Rh4+
Kg5 54. Rb4 Rc5 55. Kg3 Kg6 56. f3 Rg5+ 57. Kf4 Rf5+ 58. Ke4 Rh5 59. Ke3 Rxh3
60. Rxb5 Rh1 61. Kf4 Rh3 62. Kg4 Rh1 63. Rb6 Kf6 64. Kf4 Rh4+ 65. Ke3 Rh1 66.
Rb8 Re1+ 67. Kf2 1/2-1/2

[Event "C.to Regionale Umbria"]
[Site "Foligno ITA"]
[Date "2008.06.06"]
[Round "2"]
[White "Romano, Claudio"]
[Black "Trasciatti, Mirko"]
[Result "1/2-1/2"]
[WhiteElo "1506"]
[BlackElo "1972"]
[PlyCount "52"]
[EventDate "2008.06.06"]

1. d4 f5 2. g3 e6 3. Bg2 Nf6 4. Nc3 d5 5. a3 Be7 6. Qd3 O-O 7. f4 Nbd7 8. Nf3
Ne4 9. e3 b6 10. Ne2 c5 11. c4 Ba6 12. b3 cxd4 13. Nexd4 Ndc5 14. Qc2 dxc4 15.
bxc4 Bb7 16. O-O Bf6 17. Rd1 Qe7 18. Bb2 Rac8 19. Nb5 Bxb2 20. Qxb2 Bc6 21. Ne5
Rfd8 22. Nxc6 Rxc6 23. Rxd8+ Qxd8 24. Bf3 a6 25. Rd1 Qe7 26. Nd4 Rd6 1/2-1/2

[Event "C.to Regionale Umbria"]
[Site "Foligno ITA"]
[Date "2008.06.06"]
[Round "2"]
[White "Rotoni, Matteo"]
[Black "Balducci, Alessandro"]
[Result "1-0"]
[WhiteElo "2077"]
[BlackElo "1819"]
[PlyCount "73"]
[EventDate "2008.06.06"]

1. e4 c5 2. d4 cxd4 3. c3 d3 4. Bxd3 Nc6 5. c4 e6 6. Nf3 Qc7 7. Nc3 Nf6 8. O-O
a6 9. Re1 d6 10. Be3 Be7 11. Rc1 O-O 12. Nd5 exd5 13. cxd5 Bd7 14. dxc6 bxc6
15. Nd2 Qb7 16. Nc4 a5 17. Bf4 d5 18. exd5 Nxd5 19. Be5 Bf6 20. b3 Be6 21. Be4
Rfd8 22. Qh5 g6 23. Qh6 Qe7 24. f4 a4 25. f5 Bxe5 26. Nxe5 gxf5 27. Nxc6 Qb7
28. Nxd8 Qb6+ 29. Kh1 Rxd8 30. Qg5+ Kh8 31. Bxf5 Rg8 32. Qh5 Bxf5 33. Qxf5 Qb7
34. Qf3 axb3 35. axb3 f5 36. Rcd1 Rd8 37. Re5 1-0

[Event "C.to Regionale Umbria"]
[Site "Foligno ITA"]
[Date "2008.06.06"]
[Round "2"]
[White "Seravelli, Paolo"]
[Black "Fratini, Mauro"]
[Result "1-0"]
[WhiteElo "1467"]
[BlackElo "1976"]
[PlyCount "59"]
[EventDate "2008.06.06"]

1. e4 Nf6 2. Nc3 d5 3. e5 d4 4. exf6 dxc3 5. bxc3 exf6 6. d4 Be6 7. Nf3 c6 8.
Be3 Nd7 9. Be2 Nb6 10. O-O Nd5 11. c4 Nc3 12. Qd3 Nxe2+ 13. Qxe2 Be7 14. Rfd1
Rc8 15. d5 cxd5 16. cxd5 Bg4 17. Bxa7 O-O 18. Rab1 Bxf3 19. gxf3 Bd6 20. Rxb7
f5 21. Qf1 Rxc2 22. Qg2 Qc8 23. Rbb1 Rxa2 24. Bd4 g6 25. Bf6 h6 26. Rbc1 Rc2
27. Ra1 Kh7 28. Qh3 Qd7 29. Rd4 Be7 30. Qxh6+ 1-0

[Event "C.to Regionale Umbria"]
[Site "Foligno ITA"]
[Date "2008.06.06"]
[Round "2"]
[White "Trampetti, Luca"]
[Black "Bertini, Nazzareno"]
[Result "1-0"]
[WhiteElo "1980"]
[BlackElo "1786"]
[PlyCount "77"]
[EventDate "2008.06.06"]

1. e4 e6 2. d4 d5 3. Nd2 Nf6 4. e5 Nfd7 5. Bd3 c5 6. c3 Nc6 7. Ne2 Qb6 8. Nf3
cxd4 9. cxd4 f6 10. exf6 Nxf6 11. O-O Bd6 12. Bg5 O-O 13. Nc3 Bd7 14. Bh4 a6
15. Na4 Qc7 16. Rc1 Bf4 17. Bg3 Rae8 18. Bxf4 Qxf4 19. Nc5 Bc8 20. Bb1 Ne7 21.
Nd3 Qh6 22. Nde5 Nd7 23. Rc3 Nxe5 24. Nxe5 Nf5 25. f4 Qf6 26. Rh3 Re7 27. g4 g6
28. gxf5 gxf5 29. Rg3+ Rg7 30. Rxg7+ Qxg7+ 31. Kh1 Qh6 32. Rg1+ Kh8 33. Qf3 Qf6
34. Qg3 b6 35. Qg5 a5 36. Qxf6+ Rxf6 37. Bd3 Rf8 38. Be2 h6 39. Ng6+ 1-0

[Event "C.to Regionale Umbria"]
[Site "Foligno ITA"]
[Date "2008.06.06"]
[Round "2"]
[White "Verdi, Enea"]
[Black "Ferri, Fabio"]
[Result "1-0"]
[WhiteElo "1404"]
[BlackElo "1587"]
[PlyCount "49"]
[EventDate "2008.06.06"]

1. e4 d5 2. exd5 Nf6 3. d4 Nxd5 4. c4 Nb6 5. Nf3 Bg4 6. Be3 e6 7. Be2 c6 8.
Nbd2 N8d7 9. O-O c5 10. h3 Bh5 11. Nh2 Bxe2 12. Qxe2 Be7 13. dxc5 Bxc5 14. Bxc5
Nxc5 15. b4 Nd3 16. Rab1 Nf4 17. Qe3 Qg5 18. Ng4 h5 19. Nf3 Qg6 20. Qxf4 hxg4
21. Ne5 Qh5 22. Nxg4 O-O 23. Qg3 Qg6 24. Ne3 Rfd8 25. Qxg6 1-0

[Event "C.to Regionale Umbria"]
[Site "Foligno ITA"]
[Date "2008.06.06"]
[Round "2"]
[White "Yamauchi, Juan"]
[Black "Serafini, Gino"]
[Result "0-1"]
[WhiteElo "1538"]
[BlackElo "1853"]
[PlyCount "60"]
[EventDate "2008.06.06"]

1. c4 e6 2. Nf3 Nf6 3. d4 d5 4. e3 c5 5. Nc3 cxd4 6. exd4 Bb4 7. Bd3 dxc4 8.
Bxc4 Qc7 9. Bb5+ Bd7 10. Bxd7+ Nbxd7 11. O-O Bxc3 12. bxc3 Qxc3 13. Bf4 O-O 14.
Rc1 Qa3 15. Ne5 Nxe5 16. dxe5 Nd5 17. Bg5 Rfc8 18. Qg4 Rxc1 19. Rxc1 b5 20. h3
a5 21. Bh6 Qf8 22. a3 Kh8 23. Bg5 Qxa3 24. Rc6 Qa1+ 25. Kh2 Qxe5+ 26. f4 Qe4
27. Rd6 h6 28. Qh4 Kg8 29. Bxh6 gxh6 30. Qxh6 Qxf4+ 0-1

[Event "C.to Regionale Umbria"]
[Site "Foligno ITA"]
[Date "2008.06.07"]
[Round "3"]
[White "Bagnoli, Luca"]
[Black "Trasciatti, Mirko"]
[Result "0-1"]
[WhiteElo "1506"]
[BlackElo "1972"]
[PlyCount "52"]
[EventDate "2008.06.06"]

1. e4 e6 2. Nf3 d5 3. Nc3 dxe4 4. Nxe4 Bd7 5. d4 Bc6 6. Nc3 Bxf3 7. Qxf3 c6 8.
Be3 Nf6 9. a3 Bd6 10. Bd3 Nbd7 11. Ne4 Nxe4 12. Bxe4 Qc7 13. g3 Nf6 14. Bd3 Rd8
15. Rd1 b5 16. Bg5 Be7 17. Bxf6 Bxf6 18. c3 O-O 19. O-O a6 20. Rfe1 Rd5 21. Re4
Be7 22. h4 c5 23. dxc5 Qxc5 24. Qe3 Qxe3 25. Rxe3 Rfd8 26. Ree1 Rxd3 0-1

[Event "C.to Regionale Umbria"]
[Site "Foligno ITA"]
[Date "2008.06.07"]
[Round "3"]
[White "Balducci, Alessandro"]
[Black "Gambacorta, Claudio"]
[Result "1-0"]
[WhiteElo "1819"]
[BlackElo "1497"]
[PlyCount "72"]
[EventDate "2008.06.06"]

1. f4 c6 2. Nf3 d5 3. e3 Nf6 4. b3 g6 5. Bb2 Bg7 6. Be2 O-O 7. O-O Bf5 8. Ne5
Nbd7 9. g4 Nxe5 10. fxe5 Nxg4 11. Bxg4 Bxg4 12. Qxg4 e6 13. d4 Rc8 14. Nd2 c5
15. c3 Bh6 16. Rf3 cxd4 17. Qxd4 Qg5+ 18. Kf2 Bg7 19. c4 dxc4 20. Nxc4 Rfd8 21.
Qf4 Qe7 22. Ba3 Qe8 23. Nd6 Rc2+ 24. Kg3 Qd7 25. Qxf7+ Qxf7 26. Nxf7 Rd7 27.
Raf1 Rxa2 28. Bd6 h6 29. h4 a5 30. Bc5 a4 31. bxa4 Rxa4 32. Bd4 Ra8 33. Nd6 Ra5
34. Kf4 Ra8 35. Ke4 Ra2 36. Rf4 Rc7 1-0

[Event "C.to Regionale Umbria"]
[Site "Foligno ITA"]
[Date "2008.06.07"]
[Round "3"]
[White "Bartolini, Ivan"]
[Black "Ognibene, Piero"]
[Result "0-1"]
[WhiteElo "1473"]
[BlackElo "1820"]
[PlyCount "71"]
[EventDate "2008.06.06"]

1. e4 e5 2. f4 d6 3. Nf3 Nc6 4. Bc4 Be7 5. O-O Nf6 6. d3 O-O 7. c3 exf4 8. Bxf4
Na5 9. Bb5 a6 10. Ba4 b5 11. Bc2 Nc6 12. d4 Bg4 13. Qd3 Bh5 14. Nbd2 Nd7 15.
Rf2 Bg6 16. Qe3 Nf6 17. Nh4 Ng4 18. Nxg6 fxg6 19. Qh3 Nxf2 20. Kxf2 g5 21. Kg1
Rxf4 22. Nf3 g6 23. Qe6+ Kg7 24. e5 Na5 25. Re1 Nc4 26. b3 Nb6 27. exd6 Bxd6
28. Ne5 Bxe5 29. Qxe5+ Kh6 30. Re3 Qd6 31. Rh3+ Rh4 32. Rxh4+ gxh4 33. Qe4 Qf6
34. h3 Rf8 35. Qe3+ Kg7 36. Be4 0-1

[Event "C.to Regionale Umbria"]
[Site "Foligno ITA"]
[Date "2008.06.07"]
[Round "3"]
[White "Bassini, Massimo"]
[Black "Ragnini, Damiano"]
[Result "1-0"]
[WhiteElo "1503"]
[BlackElo "1847"]
[PlyCount "102"]
[EventDate "2008.06.06"]

1. d4 d5 2. Nf3 Nf6 3. c4 e6 4. Bf4 Bb4+ 5. Bd2 Bxd2+ 6. Nbxd2 O-O 7. e3 Nbd7
8. Bd3 c5 9. cxd5 Nxd5 10. Nb3 b6 11. dxc5 bxc5 12. O-O Bb7 13. a3 a5 14. Nbd2
Qe7 15. Qc2 f5 16. e4 Nf4 17. e5 Nxd3 18. Qxd3 Ba6 19. Nc4 Nb6 20. b3 Rfd8 21.
Qc3 Nxc4 22. bxc4 Rdb8 23. Rfb1 Qc7 24. h3 h6 25. Rd1 a4 26. Rab1 Bb7 27. Rd6
Re8 28. Rbb6 Qf7 29. Ne1 Be4 30. f3 Bb7 31. Nd3 g5 32. Nxc5 Rab8 33. Rxe6 Rxe6
34. Nxe6 Qe7 35. Qb4 Kf7 36. Rxb7 Rxb7 37. Qxb7 Kxe6 38. Qxe7+ Kxe7 39. g3 f4
40. gxf4 gxf4 41. Kf2 Ke6 42. Ke2 Kxe5 43. Kd3 Kd6 44. Kd4 Ke6 45. c5 Kd7 46.
Kd5 Kc7 47. c6 Kc8 48. h4 h5 49. Kd6 Kd8 50. Ke5 Kc7 51. Kxf4 Kxc6 1-0

[Event "C.to Regionale Umbria"]
[Site "Foligno ITA"]
[Date "2008.06.07"]
[Round "3"]
[White "Bertini, Nazzareno"]
[Black "Mariani, Francesca"]
[Result "1-0"]
[WhiteElo "1786"]
[BlackElo "1266"]
[PlyCount "58"]
[EventDate "2008.06.06"]

1. e4 c5 2. Nf3 g6 3. c3 Bg7 4. d4 cxd4 5. cxd4 e6 6. Nc3 Ne7 7. Be3 O-O 8. Qd2
d5 9. Bd3 Nbc6 10. e5 Nb4 11. Bb1 Nec6 12. a3 Na6 13. b4 Nc7 14. Bd3 f6 15. Bh6
fxe5 16. Bxg7 Kxg7 17. dxe5 a6 18. O-O b5 19. Rac1 Bb7 20. Be2 d4 21. Ne4 Nxe5
22. Neg5 Nxf3+ 23. Bxf3 Bxf3 24. Rxc7+ Kg8 25. Nxe6 Qf6 26. Nxf8 Qxf8 27. Qxd4
Rd8 28. Rd7 Rxd7 29. Qxd7 Be4 1-0

[Event "C.to Regionale Umbria"]
[Site "Foligno ITA"]
[Date "2008.06.07"]
[Round "3"]
[White "Bertolini, Ettore"]
[Black "Yamauchi, Juan"]
[Result "1-0"]
[WhiteElo "1880"]
[BlackElo "1538"]
[PlyCount "80"]
[EventDate "2008.06.06"]

1. e4 c5 2. Nf3 d6 3. d4 cxd4 4. Nxd4 Nf6 5. Nc3 g6 6. Be3 a6 7. f3 b5 8. a3
Bb7 9. Qd2 Bg7 10. h4 Nbd7 11. O-O-O h5 12. Be2 Rc8 13. f4 Nc5 14. e5 Nfe4 15.
Nxe4 Nxe4 16. Qd3 Ng3 17. e6 f5 18. Rh3 Be4 19. Qd2 Nxe2+ 20. Qxe2 O-O 21. Rd2
Qa5 22. Nb3 Qa4 23. Bd4 Bh6 24. Qe3 Rc4 25. g3 Rfc8 26. Rhh2 b4 27. Na1 bxa3
28. b3 Qb4 29. bxc4 Rxc4 30. Qb3 Rxd4 31. Qxb4 Rxb4 32. Nb3 Bg7 33. Kb1 a5 34.
Ka2 Bb2 35. Rde2 a4 36. Na1 Bxa1 37. Kxa1 Rb2 38. Re3 Bxc2 39. Rhe2 Rb1+ 40.
Ka2 Rb2+ 1-0